Level and Quality of Openness and Corruption in the ECA Countries

Regresná analýza závislosti úrovne a kvality otvorenosti ekonomiky a miery korupcie v krajinách ECA (European and Central Asia).

Salvato in:
Dettagli Bibliografici
Autore principale: Gokcekus, Omer
Altri autori: Muchová, Eva, 1961-, Brinčíková, Zuzana, 1979-
Natura: Capitolo di libro
Lingua:inglese
Soggetti:
Tags: Aggiungi Tag
Nessun Tag, puoi essere il primo ad aggiungerne!!

MARC

LEADER 00000naa a2200000 4500
001 0208656
005 20240502083521.5
041 0 |a eng 
044 |a US 
245 1 0 |a Level and Quality of Openness and Corruption in the ECA Countries  |c Omer Gokcekus, Eva Muchová, Zuzana Brinčíková 
520 |a Regresná analýza závislosti úrovne a kvality otvorenosti ekonomiky a miery korupcie v krajinách ECA (European and Central Asia). 
610 2 0 |a hospodárstvo otvorené 
610 2 0 |a kvalita 
610 2 0 |a korupcia 
610 2 0 |a analýza regresná 
100 1 |a Gokcekus, Omer 
700 1 |a Muchová, Eva, 1961- 
700 1 |a Brinčíková, Zuzana, 1979-